000 00648nam a2200241Ia 4500
008 180523s9999 xx 000 0 und d
020 _a978-981-4296-00-7
050 _aMAIN GE 105
050 _b.M55 2009
100 _aMiller, G. Tyler.
245 0 _aIntroduction to environmental science /
245 0 _cG. Tyler Miller, Scott Spoolman.
260 _aSingapore :
260 _bCengage Learning,
260 _c2009
300 _a536 pages :
300 _billustrations ;
300 _c24 cm.
500 _aIncludes index.
650 _aEnvironmental protection.
650 _aEnvironmental sciences.
650 _xHuman ecology.
999 _c356684
_d356684